[Event "GS Open"]
[Site "Riga, Latvia"]
[Date "2021.11.04"]
[Round "8.30"]
[White "Jobava Baadur  (GEO)"]
[Black "Erigaisi Arjun  (IND)"]
[Result "1/2-1/2"]
[WhiteElo "2582"]
[BlackElo "2634"]

1. c4 {[%clk 01:40:50]} {[%emt 00:00:08]} e6 {[%clk 01:40:09]} {[%emt
00:00:51]} 2. Nc3 {[%clk 01:41:08]} {[%emt 00:00:13]} d5 {[%clk 01:40:32]}
{[%emt 00:00:06]} 3. d4 {[%clk 01:41:32]} {[%emt 00:00:07]} Bb4 {[%clk
01:40:55]} {[%emt 00:00:06]} 4. cxd5 {[%clk 01:40:37]} {[%emt 00:01:26]} exd5
{[%clk 01:41:19]} {[%emt 00:00:05]} 5. Bf4 {[%clk 01:40:31]} {[%emt 00:00:36]}
c5 {[%clk 01:40:51]} {[%emt 00:00:58]} 6. e3 {[%clk 01:40:43]} {[%emt
00:00:19]} Nf6 {[%clk 01:39:01]} {[%emt 00:02:20]} 7. Nge2 {[%clk 01:38:17]}
{[%emt 00:02:56]} O-O {[%clk 01:30:35]} {[%emt 00:08:55]} 8. Rc1 {[%clk
01:35:21]} {[%emt 00:03:27]} Nc6 {[%clk 01:19:35]} {[%emt 00:11:30]} 9. dxc5
{[%clk 01:33:21]} {[%emt 00:02:30]} Bxc5 {[%clk 01:18:42]} {[%emt 00:01:23]} 10.
Nxd5 {[%clk 01:12:26]} {[%emt 00:21:25]} Nxd5 {[%clk 01:18:57]} {[%emt
00:00:15]} 11. Rxc5 {[%clk 01:12:53]} {[%emt 00:00:04]} Be6 {[%clk 01:19:19]}
{[%emt 00:00:07]} 12. g3 {[%clk 01:09:28]} {[%emt 00:03:56]} g5 {[%clk
00:39:55]} {[%emt 00:39:53]} 13. Bxg5 {[%clk 01:02:27]} {[%emt 00:07:31]} Qxg5
{[%clk 00:39:22]} {[%emt 00:01:02]} 14. Bg2 {[%clk 01:02:54]} {[%emt 00:00:04]}
Rad8 {[%clk 00:38:12]} {[%emt 00:01:40]} 15. Nf4 {[%clk 00:51:24]} {[%emt
00:12:00]} Nce7 {[%clk 00:32:04]} {[%emt 00:06:38]} 16. e4 {[%clk 00:51:35]}
{[%emt 00:00:19]} Qe5 {[%clk 00:24:56]} {[%emt 00:07:37]} 17. O-O {[%clk
00:49:05]} {[%emt 00:03:00]} Nc3 {[%clk 00:21:04]} {[%emt 00:04:22]} 18. Rxe5
{[%clk 00:23:31]} {[%emt 00:26:04]} Nxd1 {[%clk 00:21:28]} {[%emt 00:00:06]} 19.
Nxe6 {[%clk 00:23:36]} {[%emt 00:00:26]} fxe6 {[%clk 00:21:53]} {[%emt
00:00:05]} 20. Bh3 {[%clk 00:23:04]} {[%emt 00:01:02]} Nxb2 {[%clk 00:17:17]}
{[%emt 00:05:06]} 21. Rb5 {[%clk 00:22:29]} {[%emt 00:01:05]} Rd2 {[%clk
00:17:09]} {[%emt 00:00:37]} 22. Bxe6+ {[%clk 00:22:45]} {[%emt 00:00:15]} Kh8
{[%clk 00:17:01]} {[%emt 00:00:38]} 23. Rxb7 {[%clk 00:23:10]} {[%emt
00:00:05]} Nc6 {[%clk 00:16:32]} {[%emt 00:00:58]} 24. Bf5 {[%clk 00:23:27]}
{[%emt 00:00:14]} Nd4 {[%clk 00:14:30]} {[%emt 00:02:32]} 25. Rxh7+ {[%clk
00:22:05]} {[%emt 00:01:53]} Kg8 {[%clk 00:14:55]} {[%emt 00:00:04]} 26. Rxa7
{[%clk 00:22:32]} {[%emt 00:00:04]} Nd1 {[%clk 00:11:49]} {[%emt 00:03:35]} 27.
g4 {[%clk 00:19:13]} {[%emt 00:03:49]} Rb8 {[%clk 00:11:31]} {[%emt 00:00:48]}
28. g5 {[%clk 00:12:19]} {[%emt 00:07:24]} Rbb2 {[%clk 00:10:32]} {[%emt
00:01:29]} 29. Ra8+ {[%clk 00:12:23]} {[%emt 00:00:26]} Kg7 {[%clk 00:10:56]}
{[%emt 00:00:05]} 30. Ra7+ {[%clk 00:12:50]} {[%emt 00:00:04]} Kg8 {[%clk
00:11:08]} {[%emt 00:00:18]} 31. Ra8+ {[%clk 00:08:34]} {[%emt 00:04:46]} Kg7
{[%clk 00:11:32]} {[%emt 00:00:05]} 32. Ra7+ {[%clk 00:09:01]} {[%emt
00:00:04]} Kg8 {[%clk 00:11:57]} {[%emt 00:00:04]} 33. Ra8+ {[%clk 00:09:25]}
{[%emt 00:00:06]} Kg7 {[%clk 00:12:21]} {[%emt 00:00:05]} 1/2-1/2